[Event "Deltalift Open"]
[Site "Tylosand"]
[Date "2019.05.31"]
[Round "6.2"]
[White "Seo, Jung Min"]
[Black "Jobava, Baadur"]
[Result "1/2-1/2"]
[BlackElo "2596"]
[WhiteElo "2392"]
[LiveChessVersion "1.4.8"]

1. e4 {[%clk 1:30:57]} c6 {[%clk 1:26:49]} 2. Nc3 {[%clk 1:30:28]} d5
{[%clk 1:27:13]} 3. Nf3 {[%clk 1:30:56]} Bg4 {[%clk 1:27:36]} 4. h3
{[%clk 1:31:22]} Bxf3 {[%clk 1:27:59]} 5. Qxf3 {[%clk 1:31:49]} e6
{[%clk 1:28:22]} 6. d4 {[%clk 1:29:25]} dxe4 {[%clk 1:28:34]} 7. Qxe4
{[%clk 1:29:37]} Nf6 {[%clk 1:28:59]} 8. Qd3 {[%clk 1:29:37]} Na6
{[%clk 1:28:13]} 9. Be3 {[%clk 1:21:51]} Nb4 {[%clk 1:20:03]} 10. Qd2
{[%clk 1:21:52]} Qc7 {[%clk 1:16:17]} 11. a3 {[%clk 1:18:12]} Nbd5
{[%clk 1:16:39]} 12. Nxd5 {[%clk 1:18:34]} Nxd5 {[%clk 1:16:51]} 13. Bc4
{[%clk 1:16:47]} Bd6 {[%clk 1:16:36]} 14. O-O {[%clk 1:16:07]} O-O-O
{[%clk 1:17:03]} 15. Bxd5 {[%clk 1:14:59]} exd5 {[%clk 1:16:56]} 16. Rfe1
{[%clk 1:13:25]} Rde8 {[%clk 1:14:17]} 17. Qd3 {[%clk 1:12:26]} g6
{[%clk 1:14:42]} 18. Bd2 {[%clk 1:11:09]} Qb6 {[%clk 1:14:48]} 19. b3
{[%clk 1:10:36]} Bb8 {[%clk 1:14:06]} 20. Rxe8+ {[%clk 1:07:48]} Rxe8
{[%clk 1:14:32]} 21. Re1 {[%clk 1:08:09]} Rxe1+ {[%clk 1:14:56]} 22. Bxe1
{[%clk 1:08:28]} Qc7 {[%clk 1:15:24]} 23. Kf1 {[%clk 1:06:11]} Kd7
{[%clk 1:12:21]} 24. Qe3 {[%clk 1:05:56]} Qd6 {[%clk 1:05:27]} 25. Bb4
{[%clk 1:04:52]} Qf6 {[%clk 0:59:14]} 26. Ke2 {[%clk 0:49:13]} Bf4
{[%clk 0:58:01]} 27. Qd3 {[%clk 0:47:48]} Qe6+ {[%clk 0:57:25]} 28. Kf1
{[%clk 0:47:43]} Bd6 {[%clk 0:57:02]} 29. Bxd6 {[%clk 0:48:00]} Qxd6
{[%clk 0:57:28]} 30. a4 {[%clk 0:48:02]} a5 {[%clk 0:56:43]} 31. Qf3
{[%clk 0:45:40]} f5 {[%clk 0:55:54]} 32. Qe3 {[%clk 0:45:49]} b5 {[%clk 0:55:47]}
33. Qh6 {[%clk 0:43:47]} Qe7 {[%clk 0:52:30]} 34. Qd2 {[%clk 0:42:12]} Qa3
{[%clk 0:52:52]} 35. Qxa5 {[%clk 0:39:05]} Qc1+ {[%clk 0:52:51]} 36. Qe1
{[%clk 0:39:32]} Qxc2 {[%clk 0:53:18]} 37. axb5 {[%clk 0:39:55]} cxb5
{[%clk 0:51:20]} 38. Qa1 {[%clk 0:39:42]} f4 {[%clk 0:51:39]} 39. f3
{[%clk 0:38:42]} Qxb3 {[%clk 0:46:47]} 40. Qa7+ {[%clk 0:39:07]} Ke6
{[%clk 0:47:09]} 41. Qa6+ {[%clk 0:39:28]} Kf7 {[%clk 0:47:36]} 42. Qb7+
{[%clk 0:39:03]} Kf6 {[%clk 0:48:03]} 43. Qb6+ {[%clk 0:33:21]} Kf5
{[%clk 0:48:28]} 44. Qa7 {[%clk 0:33:35]} Kf6 {[%clk 0:36:59]} 45. Kg1
{[%clk 0:26:56]} Qc4 {[%clk 0:34:48]} 46. Qb6+ {[%clk 0:26:58]} Kg5
{[%clk 0:33:23]} 47. Qd8+ {[%clk 0:25:14]} Kh5 {[%clk 0:33:50]} 48. Qf6
{[%clk 0:23:58]} Qc7 {[%clk 0:19:08]} 49. h4 {[%clk 0:22:14]} Kh6
{[%clk 0:18:14]} 50. Qf8+ {[%clk 0:21:45]} Kh5 {[%clk 0:18:33]} 51. Qf6
{[%clk 0:22:13]} Kh6 {[%clk 0:14:14]} 1/2-1/2

[Event "Deltalift Open"]
[Site "Tylosand"]
[Date "2019.05.31"]
[Round "6.10"]
[White "Kucuksari, Kaan"]
[Black "Harren, Mats"]
[Result "1-0"]
[BlackElo "2106"]
[WhiteElo "2299"]
[LiveChessVersion "1.4.8"]

1. d4 {[%clk 1:30:58]} Nf6 {[%clk 1:30:56]} 2. c4 {[%clk 1:31:20]} c5
{[%clk 1:31:12]} 3. d5 {[%clk 1:31:44]} e6 {[%clk 1:31:30]} 4. Nc3
{[%clk 1:32:09]} exd5 {[%clk 1:31:57]} 5. cxd5 {[%clk 1:32:26]} d6
{[%clk 1:32:19]} 6. Nf3 {[%clk 1:32:42]} g6 {[%clk 1:32:43]} 7. Bf4
{[%clk 1:33:04]} a6 {[%clk 1:33:00]} 8. a4 {[%clk 1:33:31]} Bg7 {[%clk 1:32:51]}
9. h3 {[%clk 1:33:50]} O-O {[%clk 1:32:59]} 10. e3 {[%clk 1:34:14]} Ne8
{[%clk 1:33:03]} 11. Be2 {[%clk 1:34:26]} b6 {[%clk 1:33:18]} 12. O-O
{[%clk 1:34:26]} Nd7 {[%clk 1:33:31]} 13. Nd2 {[%clk 1:32:58]} Ne5
{[%clk 1:29:52]} 14. Bg3 {[%clk 1:32:49]} f5 {[%clk 1:29:42]} 15. Qb3
{[%clk 1:33:02]} Rb8 {[%clk 1:17:17]} 16. f4 {[%clk 1:32:58]} Nf7
{[%clk 1:08:33]} 17. Rae1 {[%clk 1:30:23]} Bb7 {[%clk 0:53:15]} 18. e4
{[%clk 1:27:24]} Nc7 {[%clk 0:45:17]} 19. Bf3 {[%clk 1:17:17]} fxe4
{[%clk 0:40:22]} 20. Ndxe4 {[%clk 1:17:06]} b5 {[%clk 0:40:02]} 21. Rd1
{[%clk 1:06:02]} bxa4 {[%clk 0:34:11]} 22. Qxa4 {[%clk 1:05:09]} Bc8
{[%clk 0:32:51]} 23. Rd2 {[%clk 1:01:23]} Nb5 {[%clk 0:31:57]} 24. Ne2
{[%clk 0:52:45]} Bd7 {[%clk 0:25:13]} 25. Qd1 {[%clk 0:52:37]} Bf5
{[%clk 0:23:56]} 26. Qe1 {[%clk 0:48:06]} Bxe4 {[%clk 0:23:02]} 27. Bxe4
{[%clk 0:48:28]} Re8 {[%clk 0:21:35]} 28. Qb1 {[%clk 0:47:12]} Qf6
{[%clk 0:20:32]} 29. f5 {[%clk 0:41:41]} g5 {[%clk 0:20:26]} 30. Bf2
{[%clk 0:41:31]} Na3 {[%clk 0:17:23]} 31. Qd3 {[%clk 0:40:26]} Rxb2
{[%clk 0:16:43]} 32. Rxb2 {[%clk 0:38:17]} Qxb2 {[%clk 0:17:12]} 33. f6
{[%clk 0:38:36]} Bxf6 {[%clk 0:14:09]} 34. Bxh7+ {[%clk 0:39:05]} Kf8
{[%clk 0:13:49]} 35. Ng3 {[%clk 0:37:58]} Bd4 {[%clk 0:13:15]} 36. Qg6
{[%clk 0:25:02]} Bxf2+ {[%clk 0:07:37]} 37. Rxf2 {[%clk 0:25:30]} Qb1+
{[%clk 0:05:22]} 38. Qxb1 {[%clk 0:25:27]} Nxb1 {[%clk 0:05:42]} 39. Bxb1
{[%clk 0:24:56]} Kg7 {[%clk 0:05:36]} 40. Nh5+ {[%clk 0:24:04]} Kf8
{[%clk 0:05:11]} 41. Bg6 {[%clk 0:23:38]} Re7 {[%clk 0:05:33]} 42. Ng3
{[%clk 0:20:23]} Re1+ {[%clk 0:04:41]} 43. Kh2 {[%clk 0:20:41]} Re7
{[%clk 0:04:46]} 44. Ne4 {[%clk 0:19:26]} Kg7 {[%clk 0:04:27]} 45. Rxf7+
{[%clk 0:19:50]} Rxf7 {[%clk 0:04:50]} 46. Bxf7 {[%clk 0:20:16]} Kxf7
{[%clk 0:05:10]} 47. Nxd6+ {[%clk 0:20:42]} Ke7 {[%clk 0:05:29]} 48. Nc4
{[%clk 0:21:08]} a5 {[%clk 0:05:48]} 49. Nxa5 {[%clk 0:21:36]} Kd6
{[%clk 0:06:11]} 50. Nb7+ {[%clk 0:21:47]} Kxd5 {[%clk 0:06:34]} 51. Nxc5
{[%clk 0:21:54]} Kxc5 {[%clk 0:06:47]} 52. Kg3 {[%clk 0:22:11]} 1-0

[Event "Deltalift Open"]
[Site "Tylosand"]
[Date "2019.05.31"]
[Round "6.19"]
[White "Mejvik, Jacob"]
[Black "Hansen, Lars"]
[Result "0-1"]
[BlackElo "2196"]
[WhiteElo "2045"]
[LiveChessVersion "1.4.8"]

1. e4 {[%clk 1:30:58]} e6 {[%clk 1:19:09]} 2. d4 {[%clk 1:30:58]} d5
{[%clk 1:19:35]} 3. Nc3 {[%clk 1:31:22]} Nf6 {[%clk 1:20:01]} 4. e5
{[%clk 1:31:47]} Nfd7 {[%clk 1:20:26]} 5. f4 {[%clk 1:32:08]} c5 {[%clk 1:20:53]}
6. Nf3 {[%clk 1:32:27]} Nc6 {[%clk 1:21:19]} 7. Be3 {[%clk 1:32:45]} cxd4
{[%clk 1:21:32]} 8. Nxd4 {[%clk 1:32:35]} Bc5 {[%clk 1:21:56]} 9. Qd2
{[%clk 1:28:07]} O-O {[%clk 1:22:03]} 10. Bb5 {[%clk 1:22:31]} Qc7
{[%clk 0:59:02]} 11. Nce2 {[%clk 1:15:57]} a6 {[%clk 0:59:00]} 12. Bd3
{[%clk 1:16:19]} Qb6 {[%clk 0:42:38]} 13. c3 {[%clk 1:16:24]} f6 {[%clk 0:42:29]}
14. exf6 {[%clk 1:14:02]} Nxf6 {[%clk 0:42:53]} 15. O-O-O {[%clk 1:13:52]} e5
{[%clk 0:41:42]} 16. fxe5 {[%clk 1:13:37]} Nxe5 {[%clk 0:42:05]} 17. Rhf1
{[%clk 1:12:23]} Bg4 {[%clk 0:40:19]} 18. Rf4 {[%clk 0:59:54]} Rae8
{[%clk 0:36:24]} 19. Re1 {[%clk 0:49:56]} Bh5 {[%clk 0:32:04]} 20. b4
{[%clk 0:46:19]} Nxd3+ {[%clk 0:27:29]} 21. Qxd3 {[%clk 0:46:47]} Bg6
{[%clk 0:23:07]} 22. Qd2 {[%clk 0:47:13]} a5 {[%clk 0:17:27]} 23. a3
{[%clk 0:45:20]} axb4 {[%clk 0:17:41]} 24. axb4 {[%clk 0:44:19]} Qa6
{[%clk 0:11:26]} 25. Kd1 {[%clk 0:42:56]} Qa4+ {[%clk 0:11:05]} 0-1

[Event "Deltalift Open"]
[Site "Tylosand"]
[Date "2019.05.31"]
[Round "6.22"]
[White "Lindhe, Magnus"]
[Black "Trost, Edvin"]
[Result "1/2-1/2"]
[BlackElo "2091"]
[WhiteElo "2173"]
[LiveChessVersion "1.4.8"]

1. d4 {[%clk 1:29:33]} Nf6 {[%clk 1:30:55]} 2. c3 {[%clk 1:29:56]} d5
{[%clk 1:30:33]} 3. Bg5 {[%clk 1:30:17]} Nbd7 {[%clk 1:29:51]} 4. Nd2
{[%clk 1:30:37]} e6 {[%clk 1:28:19]} 5. e3 {[%clk 1:30:47]} c5 {[%clk 1:26:10]}
6. Ngf3 {[%clk 1:30:27]} Bd6 {[%clk 1:25:14]} 7. Bd3 {[%clk 1:29:21]} Qc7
{[%clk 1:18:23]} 8. O-O {[%clk 1:27:54]} b6 {[%clk 1:12:39]} 9. Rc1
{[%clk 1:23:55]} Bb7 {[%clk 1:12:00]} 10. b4 {[%clk 1:23:01]} c4 {[%clk 1:11:11]}
11. Bb1 {[%clk 1:22:15]} Ne4 {[%clk 1:10:18]} 12. Bh4 {[%clk 1:21:59]} f5
{[%clk 1:07:12]} 13. Bg3 {[%clk 1:21:45]} Nxg3 {[%clk 1:05:19]} 14. hxg3
{[%clk 1:22:07]} h5 {[%clk 1:03:29]} 15. Ng5 {[%clk 1:21:17]} Rh6
{[%clk 1:03:11]} 16. f4 {[%clk 1:02:02]} Nf8 {[%clk 0:52:09]} 17. Ndf3
{[%clk 1:02:08]} Be7 {[%clk 0:50:51]} 18. Kf2 {[%clk 1:00:59]} Bf6
{[%clk 0:50:02]} 19. Rh1 {[%clk 1:00:57]} O-O-O {[%clk 0:49:38]} 20. Ne5
{[%clk 1:00:04]} Bxe5 {[%clk 0:48:41]} 21. dxe5 {[%clk 1:00:02]} g6
{[%clk 0:48:19]} 22. Nf3 {[%clk 1:00:01]} Qe7 {[%clk 0:47:24]} 23. Nd4
{[%clk 1:00:12]} a6 {[%clk 0:46:47]} 24. Bc2 {[%clk 0:55:19]} Kc7
{[%clk 0:46:42]} 25. Ra1 {[%clk 0:51:13]} Nh7 {[%clk 0:45:52]} 26. a4
{[%clk 0:46:27]} Ba8 {[%clk 0:40:28]} 27. Qe2 {[%clk 0:44:25]} Rh8
{[%clk 0:40:25]} 28. Bd1 {[%clk 0:40:51]} Nf8 {[%clk 0:38:28]} 29. Nf3
{[%clk 0:38:46]} Nh7 {[%clk 0:37:43]} 30. Qd2 {[%clk 0:38:51]} Kb8
{[%clk 0:37:34]} 31. Qd4 {[%clk 0:36:56]} Qc7 {[%clk 0:37:28]} 32. Be2
{[%clk 0:36:14]} Bb7 {[%clk 0:37:01]} 33. Qd2 {[%clk 0:33:45]} Bc8
{[%clk 0:36:27]} 34. Nd4 {[%clk 0:33:24]} Bd7 {[%clk 0:34:47]} 35. g4
{[%clk 0:28:35]} Nf8 {[%clk 0:33:43]} 36. gxh5 {[%clk 0:27:49]} gxh5
{[%clk 0:34:12]} 37. Bf3 {[%clk 0:27:50]} h4 {[%clk 0:32:31]} 38. Rh3
{[%clk 0:18:39]} Bc8 {[%clk 0:22:32]} 39. Rah1 {[%clk 0:12:07]} Bb7
{[%clk 0:21:46]} 40. Qa2 {[%clk 0:11:14]} Qe7 {[%clk 0:18:48]} 41. a5
{[%clk 0:05:46]} b5 {[%clk 0:19:01]} 42. Kf1 {[%clk 0:06:03]} R6h7
{[%clk 0:19:16]} 43. Qf2 {[%clk 0:06:25]} Ng6 {[%clk 0:07:28]} 44. Ke2
{[%clk 0:04:28]} Kc7 {[%clk 0:04:31]} 45. g4 {[%clk 0:03:01]} fxg4
{[%clk 0:02:32]} 46. Bxg4 {[%clk 0:03:24]} Bc8 {[%clk 0:02:43]} 47. Qh2
{[%clk 0:02:20]} Rg8 {[%clk 0:01:53]} 48. f5 {[%clk 0:27:47]} exf5
{[%clk 0:28:48]} 49. e6+ {[%clk 0:27:15]} Qd6 {[%clk 0:29:15]} 50. Bxf5
{[%clk 0:25:28]} Rhg7 {[%clk 0:28:28]} 51. Qxd6+ {[%clk 0:17:07]} Kxd6
{[%clk 0:28:31]} 52. Bxg6 {[%clk 0:17:26]} Rxg6 {[%clk 0:29:00]} 53. Rxh4
{[%clk 0:12:40]} Bxe6 {[%clk 0:29:25]} 54. Nxe6 {[%clk 0:12:44]} Kxe6 1/2-1/2

[Event "Deltalift Open"]
[Site "Tylosand"]
[Date "2019.06.01"]
[Round "7.2"]
[White "Jobava, Baadur"]
[Black "Malmstig, Erik"]
[Result "1-0"]
[BlackElo "2354"]
[WhiteElo "2596"]
[LiveChessVersion "1.4.8"]

1. e4 {[%clk 1:13:59]} e5 {[%clk 1:30:45]} 2. Nf3 {[%clk 1:14:21]} Nc6
{[%clk 1:31:08]} 3. Bc4 {[%clk 1:14:44]} Bc5 {[%clk 1:31:14]} 4. c3
{[%clk 1:15:08]} Nf6 {[%clk 1:31:32]} 5. b4 {[%clk 1:15:33]} Bb6 {[%clk 1:31:35]}
6. d3 {[%clk 1:15:56]} d6 {[%clk 1:31:51]} 7. a4 {[%clk 1:16:18]} a5
{[%clk 1:31:32]} 8. b5 {[%clk 1:08:54]} Ne7 {[%clk 1:31:42]} 9. O-O
{[%clk 1:07:25]} O-O {[%clk 1:30:00]} 10. Ba2 {[%clk 1:07:02]} c6
{[%clk 1:29:44]} 11. Bg5 {[%clk 1:06:42]} Ng6 {[%clk 1:29:45]} 12. Nbd2
{[%clk 1:06:55]} h6 {[%clk 1:29:28]} 13. Bxf6 {[%clk 1:07:18]} Qxf6
{[%clk 1:29:51]} 14. Rb1 {[%clk 1:07:09]} Bc7 {[%clk 1:29:21]} 15. g3
{[%clk 1:04:47]} Bh3 {[%clk 1:28:43]} 16. Re1 {[%clk 1:05:10]} Nf4
{[%clk 1:26:40]} 17. d4 {[%clk 1:02:14]} c5 {[%clk 1:17:05]} 18. b6
{[%clk 0:58:59]} Bd8 {[%clk 1:14:42]} 19. dxe5 {[%clk 0:56:08]} dxe5
{[%clk 1:14:52]} 20. Nc4 {[%clk 0:56:21]} Ng2 {[%clk 1:10:59]} 21. Rf1
{[%clk 0:56:38]} Re8 {[%clk 1:07:55]} 22. Kh1 {[%clk 0:56:27]} Nf4
{[%clk 0:47:49]} 23. gxf4 {[%clk 0:56:39]} Qxf4 {[%clk 0:42:13]} 24. Rg1
{[%clk 0:56:09]} Bg4 {[%clk 0:42:19]} 25. Rxg4 {[%clk 0:55:33]} Qxg4
{[%clk 0:42:20]} 26. Nd6 {[%clk 0:54:16]} Re7 {[%clk 0:35:35]} 27. Nxf7
{[%clk 0:54:38]} Kf8 {[%clk 0:32:48]} 28. Nxd8 {[%clk 0:54:23]} Rd7
{[%clk 0:32:26]} 29. Ne6+ {[%clk 0:54:47]} 1-0

[Event "Deltalift Open"]
[Site "Tylosand"]
[Date "2019.06.01"]
[Round "7.13"]
[White "Blomstrom, Lars"]
[Black "Carlsson, Ludvig"]
[Result "0-1"]
[BlackElo "2210"]
[WhiteElo "2153"]
[LiveChessVersion "1.4.8"]

1. e4 g6 2. d4 Bg7 3. Nf3 d6 4. Bc4 Nf6 5. Qe2 O-O 6. O-O Bg4 7. c3 c6 8. Bb3 e6
9. Nbd2 d5 10. e5 Nfd7 11. h3 Bxf3 12. Nxf3 c5 13. Bg5 Qb6 14. Qd2 cxd4 15. cxd4
Nc6 16. Rab1 Rfc8 17. Qf4 a5 18. Ba4 Qb4 19. Bxc6 bxc6 20. Bh6 Bxh6 21. Qxh6 c5
22. a3 Qb3 23. dxc5 Rxc5 24. Rfe1 Rac8 25. Nd4 Qb6 26. Qd2 Rc4 27. Rbd1 a4 28.
Re2 Nc5 29. Qe3 Nb3 30. Nxb3 Qxb3 31. Qxb3 axb3 32. Re3 Rb8 33. Rdd3 Rc2 34. Rxb3
Rxb2 35. Rxb8+ Rxb8 36. h4 Rb2 37. g3 Kg7 38. Kf1 f6 39. Re2 Rb5 40. a4 Ra5 41.
exf6+ Kxf6 42. Ra2 Ke5 43. Ke2 Kd4 44. f4 Kc3 45. Ra3+ Kb4 46. Re3 Ra6 47. Re5
Kxa4 48. h5 Kb4 49. hxg6 hxg6 50. Rg5 Kc3 51. Rxg6 d4 52. Rg8 Ra2+ 53. Kf3 d3 54.
Rc8+ Kd2 55. g4 Rc2 56. Rd8 Rc1 57. g5 Rf1+ 58. Ke4 Re1+ 59. Kf3 Kc2 60. Rc8+ Kd1
61. Rc6 d2 62. g6 Rf1+ 63. Kg2 Rxf4 64. Rxe6 Rd4 65. g7 Rg4+ 66. Kf3 Rxg7 67. Ra6
Rd7 0-1

[Event "Deltalift Open"]
[Site "Tylosand"]
[Date "2019.06.01"]
[Round "8.1"]
[White "Jobava, Baadur"]
[Black "Cramling, Pia"]
[Result "1/2-1/2"]
[BlackElo "2465"]
[WhiteElo "2596"]
[LiveChessVersion "1.4.8"]

1. d4 {[%clk 1:28:07]} Nf6 {[%clk 1:30:19]} 2. Bg5 {[%clk 1:28:29]} d5
{[%clk 1:30:13]} 3. e3 {[%clk 1:28:52]} c5 {[%clk 1:29:06]} 4. Bxf6
{[%clk 1:29:05]} gxf6 {[%clk 1:29:27]} 5. dxc5 {[%clk 1:28:41]} e6
{[%clk 1:29:16]} 6. c4 {[%clk 1:28:33]} dxc4 {[%clk 1:29:21]} 7. Nd2
{[%clk 1:28:57]} Bxc5 {[%clk 1:28:47]} 8. Bxc4 {[%clk 1:29:12]} O-O
{[%clk 1:28:40]} 9. Qg4+ {[%clk 1:23:03]} Kh8 {[%clk 1:29:03]} 10. Ngf3
{[%clk 1:22:58]} Nc6 {[%clk 1:23:18]} 11. Qh5 {[%clk 1:05:42]} Be7
{[%clk 0:55:43]} 12. h4 {[%clk 1:01:20]} Rg8 {[%clk 0:53:18]} 13. Qxf7
{[%clk 0:57:26]} Bd7 {[%clk 0:39:23]} 14. O-O-O {[%clk 0:52:47]} Qc7
{[%clk 0:33:29]} 15. Ne4 {[%clk 0:48:41]} Raf8 {[%clk 0:29:36]} 16. Rxd7
{[%clk 0:46:23]} Qxd7 {[%clk 0:30:01]} 17. Qxe6 {[%clk 0:27:29]} Qxe6
{[%clk 0:29:30]} 18. Bxe6 {[%clk 0:26:41]} Rxg2 {[%clk 0:29:40]} 19. Bf5
{[%clk 0:24:12]} Rd8 {[%clk 0:21:27]} 20. Ne1 {[%clk 0:14:44]} Rgg8
{[%clk 0:20:45]} 21. Be6 {[%clk 0:14:13]} 1/2-1/2

[Event "Deltalift Open"]
[Site "Tylosand"]
[Date "2019.06.01"]
[Round "8.10"]
[White "Lindgren, Fredrik"]
[Black "Crevatin, Leo"]
[Result "0-1"]
[BlackElo "2098"]
[WhiteElo "2278"]
[LiveChessVersion "1.4.8"]

1. d4 {[%clk 1:30:56]} d5 {[%clk 1:30:54]} 2. Nf3 {[%clk 1:31:13]} Nf6
{[%clk 1:31:22]} 3. g3 {[%clk 1:31:25]} c6 {[%clk 1:31:48]} 4. Bg2
{[%clk 1:31:48]} Bf5 {[%clk 1:32:11]} 5. O-O {[%clk 1:32:12]} h6 {[%clk 1:32:39]}
6. Nbd2 {[%clk 1:31:58]} e6 {[%clk 1:33:01]} 7. c4 {[%clk 1:32:10]} Bd6
{[%clk 1:32:41]} 8. b3 {[%clk 1:32:28]} Nbd7 {[%clk 1:32:59]} 9. Bb2
{[%clk 1:32:51]} Qc7 {[%clk 1:33:21]} 10. Rc1 {[%clk 1:32:07]} O-O
{[%clk 1:33:13]} 11. Re1 {[%clk 1:30:12]} Bh7 {[%clk 1:28:01]} 12. e3
{[%clk 1:28:50]} Rfe8 {[%clk 1:26:41]} 13. Qe2 {[%clk 1:23:36]} a5
{[%clk 1:24:15]} 14. Red1 {[%clk 1:22:01]} a4 {[%clk 1:19:51]} 15. c5
{[%clk 1:20:51]} Bf8 {[%clk 1:19:27]} 16. b4 {[%clk 1:21:08]} a3 {[%clk 1:13:07]}
17. Bc3 {[%clk 1:13:51]} b6 {[%clk 1:12:25]} 18. Nb3 {[%clk 1:05:27]} bxc5
{[%clk 1:12:28]} 19. bxc5 {[%clk 1:01:18]} Ne4 {[%clk 1:10:25]} 20. Qe1
{[%clk 0:52:23]} Reb8 {[%clk 1:06:05]} 21. Bf1 {[%clk 0:49:51]} Bg6
{[%clk 0:58:59]} 22. Be2 {[%clk 0:42:17]} Be7 {[%clk 0:58:25]} 23. Kg2
{[%clk 0:39:56]} Bf6 {[%clk 0:56:46]} 24. Ng1 {[%clk 0:39:20]} e5
{[%clk 0:54:22]} 25. f3 {[%clk 0:38:54]} Nxc3 {[%clk 0:54:26]} 26. Qxc3
{[%clk 0:38:50]} exd4 {[%clk 0:53:17]} 27. exd4 {[%clk 0:38:49]} Nf8
{[%clk 0:53:14]} 28. Bd3 {[%clk 0:38:49]} Bxd3 {[%clk 0:53:34]} 29. Qxd3
{[%clk 0:37:25]} Ne6 {[%clk 0:53:08]} 30. f4 {[%clk 0:33:21]} Ra4
{[%clk 0:47:48]} 31. Nf3 {[%clk 0:33:27]} Rbb4 {[%clk 0:43:40]} 32. Qe3
{[%clk 0:32:34]} g6 {[%clk 0:40:31]} 33. f5 {[%clk 0:14:20]} gxf5
{[%clk 0:40:56]} 34. Qxh6 {[%clk 0:14:32]} Bg7 {[%clk 0:39:38]} 35. Qh5
{[%clk 0:14:27]} Qf4 {[%clk 0:38:14]} 36. Re1 {[%clk 0:02:11]} Qg4
{[%clk 0:38:25]} 37. Qh4 {[%clk 0:00:52]} Qxh4 {[%clk 0:35:46]} 38. Nxh4
{[%clk 0:01:17]} Nxd4 {[%clk 0:34:58]} 39. Re8+ {[%clk 0:00:51]} Kh7
{[%clk 0:35:22]} 40. Nxd4 {[%clk 0:01:05]} Rxd4 {[%clk 0:35:09]} 41. Nxf5
{[%clk 0:19:06]} Rd2+ {[%clk 1:05:18]} 42. Kh3 {[%clk 0:19:28]} Rxa2
{[%clk 1:03:38]} 43. Nxg7 {[%clk 0:18:35]} Kxg7 {[%clk 1:04:05]} 44. Rf1
{[%clk 0:18:47]} Re4 {[%clk 1:01:10]} 45. Ra8 {[%clk 0:18:07]} Ree2
{[%clk 1:00:26]} 46. Kg4 {[%clk 0:14:09]} Rxh2 {[%clk 0:55:03]} 47. Rf5
{[%clk 0:09:20]} Rh6 {[%clk 0:54:41]} 48. Rg5+ {[%clk 0:04:38]} Rg6
{[%clk 0:54:26]} 49. Rxg6+ {[%clk 0:05:04]} Kxg6 {[%clk 0:54:00]} 50. Ra6
{[%clk 0:05:26]} Rc2 {[%clk 0:49:31]} 51. Rxc6+ {[%clk 0:05:41]} f6
{[%clk 0:49:57]} 52. Ra6 {[%clk 0:03:46]} Rxc5 {[%clk 0:49:35]} 53. Rxa3
{[%clk 0:04:10]} Rc4+ {[%clk 0:50:03]} 54. Kf3 {[%clk 0:02:39]} Kf5
{[%clk 0:50:13]} 55. Rb3 {[%clk 0:01:20]} Ke5 {[%clk 0:50:08]} 56. Ra3
{[%clk 0:01:25]} Rc6 {[%clk 0:50:03]} 57. g4 {[%clk 0:01:03]} Rd6
{[%clk 0:49:28]} 58. Re3+ {[%clk 0:00:37]} Kd4 {[%clk 0:49:48]} 59. Kf4
{[%clk 0:00:47]} Kc4 {[%clk 0:49:49]} 60. Re8 {[%clk 0:00:32]} d4
{[%clk 0:50:04]} 61. Ke4 {[%clk 0:00:35]} d3 {[%clk 0:50:08]} 62. Rc8+
{[%clk 0:00:53]} Kb3 {[%clk 0:50:37]} 63. Ke3 {[%clk 0:00:36]} d2
{[%clk 0:50:22]} 64. Rb8+ {[%clk 0:00:45]} Ka4 {[%clk 0:50:39]} 65. Ra8+
{[%clk 0:00:34]} Kb5 {[%clk 0:51:07]} 66. Kd4 0-1